| Tag |
First Indicator |
Second Indicator |
Subfields |
| LEADER |
00000cam a2200000 4500 |
| 001 |
in00003441663 |
| 005 |
20151206103102.0 |
| 008 |
840123s1924 nyu 00010 eng d |
| 035 |
|
|
|a (OCoLC)ocm10329311
|
| 040 |
|
|
|c TNY
|d UtOrBLW
|
| 090 |
|
|
|a BT775
|b .L3 1924
|
| 100 |
1 |
|
|a Lamont, Daniel.
|
| 245 |
1 |
4 |
|a The creative work of Jesus :
|b Bruce lectures /
|c by Daniel Lamont.
|
| 264 |
|
1 |
|a New York :
|b Doran,
|c [1924]
|
| 300 |
|
|
|a 255 pages, 1 unnumbered page ;
|c 20 cm.
|
| 336 |
|
|
|a text
|b txt
|2 rdacontent
|
| 337 |
|
|
|a unmediated
|b n
|2 rdamedia
|
| 338 |
|
|
|a volume
|b nc
|2 rdacarrier
|
| 650 |
|
0 |
|a Redemption.
|
| 600 |
0 |
0 |
|a Jesus Christ
|x Person and offices.
|
| 740 |
0 |
|
|a Bruce lectures.
|
| 999 |
|
|
|a MARS
|
| 999 |
f |
f |
|s 0fe295c0-7f89-321c-a501-2e74d4628380
|i ea342ac1-db88-3828-bf4a-c32b32a8ab59
|t 0
|
| 952 |
f |
f |
|p ric
|a Texas A&M University
|b Rellis Campus
|c Joint Library Facility
|d Remote Storage
|t 0
|e BT775 .L3 1924
|h Library of Congress classification
|i unmediated -- volume
|m 32060001510748
|
| 998 |
f |
f |
|a BT775 .L3 1924
|t 0
|l Remote Storage
|